000 00998nam0a22002651 4500
001 rc\804381
005 20041129090900.9
035 _a(NLR Aleph) 005988384
090 _a7101720
_c7101720
100 _a20041129d1984 u |0rusy50 ca
101 0 _arus
102 _aRU
105 _aa |||||||||
200 1 _aКалевала
_e[Карел.-фин. нар. эпос
_fСобрал и обраб. Э. Леннрот
_gПер. с фин. Л.П. Бельского
_gВступ. ст. и примеч. С.Я. Серова
_gХудож. М.Л. Шретер]
210 _aЛ.
_cЛениздат
_d1984
215 _a574 с.
_cил.
_d21
225 1 _aБиблиотека народно-поэтического творчества
300 _aАвт. указан на 5-й с.
700 1 _aЛеннрот
_bЭ.
_f1802-1884
_gЭлиас
702 1 _aБельский
_bЛ. П.
_4730
801 0 _aRU
_bNLR
_gpsbo
801 1 _aRU
_bELAR
_2rusmarc
852 _aNLR
_j84-3/9289
942 _cBOOK
980 _aNB